MDQL
is popping MORE tags! Check the
thread
!
Quizzes
Events
Quiz Creation
Community
Videos
Private Events
Remove Ads
Sign In
Join for FREE
Feedback
Dark Mode
Quiz Categories
Sports
Geography
Music
Movies
Television
Just For Fun
Miscellaneous
History
Literature
Language
Science
Gaming
Entertainment
Religion
Holiday
For Kids
Quiz Lab
Recent
Popular Today
Quiz Kudos Today
Editor Picks
Curator Picks
Quizzes by...
Day
Popularity
Type
Ratings
Length
Year
Community
Subscriptions
Recent Discussions
Orange Saloon
Badges
Playlists
Quests
Create
Leaderboards
Showdown
Live 5
Trivia Bingo
Activity
Puzzle Library
Sporcle Events
Private Events
Virtual Trivia
Globe League
Become a Host
Pub Owners
SporcleCon
Opinionation
Our Games
Videos
Blog
Mobile Apps
Partnerships
Remove Ads and Go Orange
Feedback
Sports
Athletes
MLB
NBA
NHL
NFL
Soccer
Sports Teams
WWE
NCAA
Football
Premier League
Basketball
Baseball
Hockey
Golf
Tennis
Cricket
Rugby
Auto Racing
Olympics
World Cup
Sports
Athletes
MLB
NBA
NHL
NFL
Soccer
Sports Teams
WWE
NCAA
Football
Premier League
Basketball
Baseball
Hockey
Golf
Tennis
Cricket
Rugby
Auto Racing
Olympics
World Cup
Random Quiz
Search Sporcle
×
Editor Pick
Editor Pick
Sports
Football
Type in answers that appear in a list
Type in answers that appear in a list
Classic
Best Score? Go Orange.
Premier League: last five managers by team Stats
Can you name the last five managers of each team competing in the English Premier League in the 2019/20 season?
By
czb2388
12m
100 Questions
48.1K Plays
48,097 Plays
48,097 Plays
Comments
Comments
Give Quiz Kudos
Give Quiz Kudos
-
- Ratings
hide this ad
More Info
Replay
Link that replays current quiz
Next Quiz
Link to next quiz in quiz playlist
You Got
0%
They Got
Avg Score
56%
Avg Friend Score
Upgrade to see
Score Distribution
Jump to the score distribution portion of the page
Score
0/100
Timer
12:00
0
Plays Today
% Correct
Arsène Wenger
98%
Mikel Arteta
95%
Jose Mourinho
94.4%
Jose Mourinho
93.6%
David Moyes
92.3%
Alex Ferguson
90.9%
Jurgen Klopp
90.4%
David Moyes
89.4%
Jose Mourinho
89.3%
Unai Emery
89.3%
Antonio Conte
89.2%
Frank Lampard
89.1%
David Moyes
88.9%
Louis van Gaal
86.5%
Brendan Rodgers
86.4%
Josep Guardiola
86.1%
Claudio Ranieri
85.7%
Brendan Rodgers
85.3%
Ole Gunnar Solskjær
85.2%
Eddie Howe
84.9%
Eddie Howe
84.8%
Eddie Howe
84.8%
Rafa Benítez
83.6%
Sam Allardyce
83.3%
Mark Hughes
83.1%
Sam Allardyce
82.2%
Ronald Koeman
81.8%
Ronald Koeman
81.7%
Manuel Pellegrini
81.1%
Roy Hodgson
80.9%
Alan Pardew
79.8%
Mauricio Pochettino
79.4%
Roberto Mancini
79.1%
Maurizio Sarri
79%
% Correct
Roberto Martinez
79%
Carlo Ancelotti
78.1%
Manuel Pellegrini
76.5%
Steve Bruce
75.6%
Sean Dyche
75.1%
Steve Bruce
74.7%
Roberto Di Matteo
72.4%
Sam Allardyce
71.9%
Mark Hughes
71.9%
Harry Redknapp
71%
Roy Hodgson
70.5%
André Villas-Boas
69.7%
Slaven Bilić
69.4%
Rafa Benítez
69.2%
Kenny Dalglish
68.5%
Marco Silva
66.1%
Roberto Di Matteo
65.6%
Marco Silva
65.6%
Chris Hughton
65.4%
Dean Smith
64.6%
Nuno Espírito Santo
64%
Nigel Pearson
64%
George Graham
62.8%
Graham Potter
62.6%
Claude Puel
61.8%
Claude Puel
60.3%
Chris Hughton
59.1%
Craig Shakespeare
55.6%
Tim Sherwood
54%
Nigel Pearson
52.8%
Tim Sherwood
51.4%
Frank de Boer
51.3%
Chris Hughton
50.2%
Chris Wilder
47.9%
% Correct
Ralph Hasenhüttl
43.1%
Daniel Farke
42.9%
Bruce Rioch
40.5%
Mauricio Pellegrino
40.3%
Sven-Göran Eriksson
39.9%
Javi Gracia
36.7%
Neil Warnock
36.4%
Quique Sánchez Flores
33.9%
Walter Mazzarri
32.8%
Paul Lambert
30%
Paul Lambert
26.5%
Owen Coyle
26.1%
Remi Garde
25.7%
Gus Poyet
25.4%
Alan Pardew
24.7%
Alex Neil
24.3%
Óscar García Junyent
21.5%
Steve McClaren
20.9%
Sami Hyypiä
15%
Neil Adams
14.7%
Nigel Adkins
14.2%
Kenny Jackett
12.5%
Brian Laws
10.5%
Nigel Clough
10.1%
Dean Saunders
8.5%
Danny Wilson
8.3%
Walter Zenga
7.7%
Steve Cotterill
6%
Jimmy Quinn
5.8%
David Weir
4.6%
Lee Bradbury
3.1%
Paul Groves
2.4%
Quiz Playlist
Details
Report
Send in Message
Add To Playlist
More Info:
***EXCLUDES MANAGERS WHO ONLY HOLD/HELD THE POST ON A CARETAKER/INTERIM BASIS** Last updated 6 January 2020
Classic:
Type in answers that appear in a list
Quiz Source
Last Updated: Jan 6, 2020
Editor Pick in
Sports
Curator Pick in
Premier League
Quiz Scoreboard
CHALLENGE
Sign Up to Join the Scoreboard
Show All
Scores
Hide
Comments
May contain spoilers
Recently Published
Street Fighter Characters
by Artimus82
Gaming
60s
9x9 Crossword: Cartoon Network
by jackfrog10
Miscellaneous
3m
College Basketball Coaching Resumes
by pancakes188
Sports
9m
More to Explore
Quiz From the Vault
Featured Blog Post
Where Did the Easter Bunny Come From?
hide this ad
You Might Also Like...
Tags
Football Quiz
Premier League Quiz
Soccer Quiz
Arsenal
Chelsea
English Clubs
English Soccer
Football Clubs
Manager
Manchester United
Today's Top Quizzes in Sports
Browse Sports
hide this ad
Today's Top Quizzes in Football
Browse Football
Top Contributed Quizzes in Sports
1
2022 World Cup Stars
2
Les meilleurs buteurs des matchs entre le PSG et l’OM
3
FIFA Club World Cup Champions
4
Les entraîneurs de l'OM et du PSG au 21e siècle
5
Criteria MLB: Left Handed Sluggers
6
2023 MLB Unique Player Accomplishments
7
AFC Teams Reveal (Wrong Answers Minefield)
8
5-to-1: FBS Animal Nicknames
9
Players with Multiple 50 Home Run Seasons
10
5-to-1: UK Sports Teams
Explore More
Trending Topics
Anime
NBA
Kpop
Harry Potter
Crossword
Disney
Marvel
NFL
Song
Pokémon
Puzzle
Country
Soccer
The Office
WWE
hide this ad
More By:
czb2388
Quiz
Plays
Rating
Category
Featured
Created
Premier League: last five managers by team
48,097
4.70
Sports
Mar 22, 2012
Opening game XI's: Manchester United
12,923
4.67
Sports
Apr 3, 2012
Premier League record transfers by team
11,808
4.41
Sports
Apr 20, 2012
All time European Cup Winners (clickable minefield)
8,270
4.20
Sports
Apr 27, 2012
Most expensive footballers by total transfer fees
7,566
5.00
Sports
Sep 26, 2013
Go to Creator's Profile
Score Distribution
Quiz Creator Spotlight
czb2388
Follow
Send a Message
Quizzes Created
-
Created Quiz Play Count
-
More By This Creator
Popular Quizzes Today
1
Find the US States - No Outlines Minefield
2
Find the Countries of Europe - No Outlines Minefield
3
The Countries of the World
4
Find the US States
5
Risky Map Clicking: Biggest States A-Z
6
US States
7
Popular People in 1961
8
Movies - When Are They Set?
More Sports Quizzes
Quick Pick: Over 10,000 Career Assists
Quiz Lab
Trending Quizzes
Risky Map Clicking: Least Populous States A-Z
Countries of the World: 200 Million BC
1-10 Letter G Words
Risky Map Clicking: Next State Alphabetically
Adjectives in 80s TV Shows
Recently Updated
Leaping Animals
pecheneg
Reality TV Shows (A-Z)
bhenderson79
Rickey Henderson's Hall of Fame Teammates
pecheneg
Champions League XIs: Arsenal
pecheneg
Quick Pick: Celebrities in WWE's Hall of Fame
aduchscher
A-Z Keypad Blitz II
pecheneg
Multiple Oscar Actors
pecheneg
Mystery Phrase Blitz: Oscar 'Best Actors'
pecheneg
F. Scott Fitzgerald Novels
LTH
Pick 3 Villains
ddd62291
Trending Topics
NBA
Harry Potter
Crossword
Disney
Anime
Marvel
Kpop
NFL
Puzzle
The Office
Country
Soccer
Song
WWE
Pokémon
Your Account Isn't Verified!
In order to create a playlist on Sporcle, you need to verify the email address you used during registration. Go to your
Sporcle Settings
to finish the process.
Report this User
Report this user for behavior that violates our
Community Guidelines
.
Details:
Send Report
Go to the Sporcle.com Mobile Site →
Comments